Croatian car plates - Statistics

General Stats
  • This quiz has been taken 772 times
  • The average score is 28 of 34
Answer Stats
Hint Answer % Correct
PU Pula
97%
RI Rijeka
97%
KA Karlovac
96%
ZG Zagreb
96%
DU Dubrovnik
95%
OS Osijek
95%
ŠI Šibenik
95%
BJ Bjelovar
94%
VU Vukovar
94%
ZD Zadar
94%
ČK Čakovec
93%
ST Split
93%
Varaždin
93%
SB Slavonski Brod
91%
IM Imotski
87%
Požega
86%
DA Daruvar
85%
OG Ogulin
85%
GS Gospić
84%
MA Makarska
83%
KR Krapina
80%
ŽU Županja
80%
VT Virovitica
79%
DJ Đakovo
75%
DE Delnice
75%
BM Beli Manastir
73%
Križevci
72%
KT Kutina
72%
NA Našice
72%
VK Vinkovci
72%
SK Sisak
68%
KC Koprivnica
65%
NG Nova Gradiška
65%
SL Slatina
62%
No matching quizzes found
Score Distribution
Percent of People with Each Score
Percentile by Number Answered
Your Score History
You have not taken this quiz